Distribučný manažment

Salvato in:
Dettagli Bibliografici
Autore principale: Daňo, Ferdinand, 1959-
Ente Autore: Ekonomická univerzita v Bratislave
Natura: Libro
Lingua:slovacco
Pubblicazione: Hronský Beňadik Vydavateľstvo NETRI 2003
Soggetti:
Tags: Aggiungi Tag
Nessun Tag, puoi essere il primo ad aggiungerne!!

MARC

LEADER 00000nam a2200000 4500
001 c141601
005 20240502071324.4
020 |a 80-968904-1-7 
041 0 |a slo 
044 |a SK 
245 1 0 |a Distribučný manažment  |c Ferdinand Daňo 
264 1 |a Hronský Beňadik  |b Vydavateľstvo NETRI  |c 2003 
300 |a 195 s. 
610 2 0 |a distribúcia 
610 2 0 |a manažment 
610 2 0 |a marketing 
610 2 0 |a kanály distribučné 
610 2 0 |a odbyt 
610 2 0 |a rozhodovanie 
610 2 0 |a marketing mix 
610 2 0 |a logistika 
610 2 0 |a kanály distribučné 
610 2 0 |a kontrola 
610 2 0 |a systémy informačné 
100 1 |a Daňo, Ferdinand, 1959- 
710 2 |a Ekonomická univerzita v Bratislave